Personnage culturel #1 - Statistiques

Statistiques générales
  • Ce quiz a été pris 127 fois
  • Le résultat moyen est 9 sur 16
Statistiques - réponses
Par images Réponse % Correct
Nelson Mandela
97%
Napoléon Bonaparte
95%
Jeanne d'Arc
89%
Albert Einstein
88%
Louis XIV
86%
Simone Veil
81%
Jules César
80%
Joseph Staline
73%
Léonard de Vinci
71%
Jean Claude Van Dam
55%
Nikola tesla
37%
George Washington
22%
Galilée
21%
Thomas Edison
15%
Franklin Delano Roosevelt
9%
John Maynard Keynes
4%
Aucun quiz correspondant
Distribution des résultats
% des personnes avec chaque résultat
Percentile par nombre de réponses
Votre historique - résultats
Vous n’avez pas pris ce quiz